Linking words - TOIEC - Aléatoire - Statistiques

Statistiques générales
  • Ce quiz a été pris 24 fois
    23 depuis la dernière actualisation
  • Le résultat moyen est 8 sur 20
Statistiques - réponses
Français Anglais % Correct
also / as well / too aussi
100%
of course bien sûr
100%
that's why c'est pourquoi
100%
clearly clairement
100%
in that case dans ce cas
100%
and et
100%
finally finalement / enfin
100%
but mais
100%
naturally naturellement
100%
nevertheles néanmoins
100%
normally normalement
100%
because parce que
100%
after (that) / afterwards après
83%
before (that) avant
80%
because of à cause de
67%
however cependant
67%
as / like comme
67%
if / should si
57%
after all après tout
50%
soon bientôt
50%
in brief / short bref
50%
that means ce qui veut dire
50%
at the same time en même temps
50%
due to / owing to en raison de
50%
obviously évidemment
50%
despite malgré
50%
indeed en effet
40%
whereas / while tandis que
40%
such as tel que
40%
that is to say c'est à dire
38%
alternatively autrement
33%
to a certain extent / to some degree dans une certaine mesure
33%
similarly pareillement
33%
lastly pour finir
33%
so as to afin de
25%
thereby ainsi
25%
as follows comme suit
25%
instead au lien de
20%
besides / moreover / furthermore de plus
20%
meanwhile pendant ce temps
20%
although / though bien que
17%
at that time / them à ce moment là
0%
providing that / on confition that à condition de
0%
unless à moins que
0%
namely à savoir
0%
else autrement
0%
otherwise autrement
0%
in a nutshell bref
0%
this means cela veut dire
0%
contrary to contrairement à
0%
on the whole / overall dans l'ensemble
0%
so donc
0%
then donc
0%
thus donc / ainsi
0%
likewise également
0%
therefore en conséquence
0%
in spite of en dépit de
0%
last but not least enfin et surtout
0%
as a rule en règle générale
0%
to sum up / to recap en résumé
0%
given that étant donné que
0%
even though même si
0%
subsequently par la suite
0%
since puisque
0%
even so quand même
0%
still quand même
0%
assuming that supposant que
0%
all the same tout de même
0%
Aucun quiz correspondant
Distribution des résultats
% des personnes avec chaque résultat
Percentile par nombre de réponses
Votre historique - résultats
Vous n’avez pas pris ce quiz depuis la dernière actualisation